书目信息 |
| 题名: |
人的解放--重读马克思
|
|
| 作者: | 杨适 | |
| 分册: | ||
| 出版信息: | 成都 四川人民出版社 1996 |
|
| 页数: | 275页 | |
| 开本: | 20cm | |
| 丛书名: | ||
| 单 册: | ||
| 中图分类: | B507 | |
| 科图分类: | ||
| 主题词: | 哲学--欧洲 | |
| 电子资源: | ||
| ISBN: | 7-220-03143-2 | |
| 000 | 00506nam0 2200181 450 | |
| 001 | 0728815141 | |
| 005 | 20070819080015.14 | |
| 010 | @a7-220-03143-2@d¥11.50 | |
| 100 | @a20070819d km y0chiy0120 ea | |
| 101 | 0 | @achi |
| 200 | 1 | @a人的解放--重读马克思@Aren de jie fang--zhong du ma ke si@f杨适@Fyang shi |
| 210 | @a成都@c四川人民出版社@d1996 | |
| 215 | @a275页@d20cm | |
| 606 | 0 | @a哲学@x欧洲 |
| 690 | @aB507@v3 | |
| 701 | 0 | @a杨适@Ayang shi |
| 801 | 0 | @aCN@bPFT@c20070819 |
| 905 | @a213230@dB507@eZW231@f1 | |
| 人的解放--重读马克思/杨适.-成都:四川人民出版社,1996 |
| 275页;20cm |
| ISBN 7-220-03143-2:¥11.50 |
| ● |
| 相关链接 |
|
|
|
|
正题名:人的解放--重读马克思
索取号:B507/ZW231
 
预约/预借
| 序号 | 登录号 | 条形码 | 馆藏地/架位号 | 状态 | 备注 |
| 1 | 7600368 | 276003682 | 密集书库-文学院/ [索取号:B507/ZW231] | 在馆 | |
| 2 | 7600369 | 276003691 | 中文系资料室/ [索取号:B507/ZW231] | 在馆 |